书目信息 |
| 题名: |
青年人必知的影响世界百件大事
|
|
| 作者: | 刘宝恒 主编 | |
| 分册: | ||
| 出版信息: | 长春 吉林大学出版社 2004 |
|
| 页数: | 186页 | |
| 开本: | 20cm | |
| 丛书名: | 新世纪青年高素质综合能力训练教程 | |
| 单 册: | ||
| 中图分类: | K105 | |
| 科图分类: | ||
| 主题词: | 大事件--世界--青年读物 , 大事件 | |
| 电子资源: | ||
| ISBN: | 7-5601-2844-0 | |
| 000 | 00927nam0 2200265 45 | |
| 001 | 012006200004 | |
| 005 | 20061217163312.98 | |
| 010 | @a7-5601-2844-0@dCNY680.00(全24册) | |
| 092 | @aCN@b488710 | |
| 100 | @a20060323e20062004em y0chiy0120 ea | |
| 101 | 0 | @achi |
| 102 | @aCN@b220000 | |
| 105 | @ay z 000yy | |
| 200 | 1 | @a青年人必知的影响世界百件大事@Aqing nian ren bi zhi de ying xiang shi jie bai jian da shi@f刘宝恒主编 |
| 210 | @a长春@c吉林大学出版社@c吉林音像出版社@d2004@h2006重印 | |
| 215 | @a186页@d20cm | |
| 225 | 2 | @a新世纪青年高素质综合能力训练教程 |
| 330 | @a本书分别介绍了影响世界百件大事的来龙去脉和事例分析,包括:古埃及诞生、奥林匹克运动会召开、指南针发明等。 | |
| 410 | 0 | @12001 @a新世纪青年高素质综合能力训练教程 |
| 606 | 0 | @a大事件@y世界@j青年读物 |
| 606 | 0 | @a大事件 |
| 690 | @aK105@v4 | |
| 701 | 0 | @a刘宝恒@9liu bao heng@4主编 |
| 801 | 0 | @aCN@bLZJBOOK@c20061217 |
| 905 | @a10447@dK105@e143 | |
| 青年人必知的影响世界百件大事/刘宝恒主编.-长春:吉林大学出版社:吉林音像出版社,2004(2006重印) |
| 186页;20cm.-(新世纪青年高素质综合能力训练教程) |
| ISBN 7-5601-2844-0:CNY680.00(全24册) |
| 本书分别介绍了影响世界百件大事的来龙去脉和事例分析,包括:古埃及诞生、奥林匹克运动会召开、指南针发明等。 |
| ● |
| 相关链接 |
|
|
|
|
正题名:青年人必知的影响世界百件大事
索取号:K105/143
 
预约/预借
| 序号 | 登录号 | 条形码 | 馆藏地/架位号 | 状态 | 备注 |
| 1 | 0552799 | 205527991 | 第二样本阅览室/ [索取号:K105/143] | 在馆 | |
| 2 | 0552800 | 205528008 | 第二借阅区/ [索取号:K105/143] | 在馆 | |
| 3 | 0552801 | 205528017 | 第二借阅区/ [索取号:K105/143] | 在馆 | |
| 4 | 0552802 | 205528026 | 第二借阅区/ [索取号:K105/143] | 在馆 | |
| 5 | 0552803 | 205528035 | 第二借阅区/ [索取号:K105/143] | 在馆 | |
| 6 | 0552804 | 205528044 | 第二借阅区/ [索取号:K105/143] | 在馆 | |
| 7 | 0552805 | 205528053 | 第二借阅区/ [索取号:K105/143] | 在馆 | |
| 8 | 0552806 | 205528062 | 第二借阅区/ [索取号:K105/143] | 在馆 |